00501nam a2200145Ia 4500008004100000041000800041082001400049100002500063245004500088260004200133300003200175365000900207999001700216952012200233240624s9999 xx 000 0 und d aeng a658.8 KEI aKEININGHAM TIMOTHY L aLOYALTY MYTHS HYPED STRATEGIES THAT WILL c2005aNew JerseybJohn Wiley and Sons axvii, : 254 : p. : cm. ; 23 cb30 c16396d16396 00104070aIMTNbIMTNcRack 32-Bd2011-01-05eBBg24.95o658.8 KEIp16396r2024-06-24 00:00:00t47.4w2024-06-24yBK